| 000 | 00381nam a22001097a 4500 | ||
|---|---|---|---|
| 008 | 140103b xxu||||| |||| 00| 0 eng d | ||
| 010 | _a2009045257 | ||
| 020 |
_a9780321435330 _cAvailable |
||
| 082 |
_2Second Ed _a004.21BEN _b002601 |
||
| 245 |
_aDesigning Interactive Systems: A Comprehensive Guide to HCI and Interaction design _cBenyon David |
||
| 260 |
_aIndia _bPearson Education _c2010 |
||
| 999 |
_c23740 _d23740 |
||